Efficacy of herbicides and herbicide mixtures on weeds under rubber (Record no. 58410)

MARC details
000 -LEADER
fixed length control field 02076nam a2200145Ia 4500
100 ## - MAIN ENTRY--AUTHOR NAME
Personal name Faiz Ahmad
245 #0 - TITLE STATEMENT
Title Efficacy of herbicides and herbicide mixtures on weeds under rubber
260 ## - PUBLICATION, DISTRIBUTION, ETC. (IMPRINT)
Name of publisher In: Symposium on agronomy aspects of the cultivation of natural rubber (Hevea brasiliensis) Beruwela, Sri Lanka, 5-6 November 1996
Year of publication 1997
520 ## - SUMMARY, ETC.
Summary, etc Weeds cause serious problems during the immature phase of rubber since their competition for nutrients and water retard crop growth and prolong the immaturity period. In mature rubber areas, woody weeds may interfere with accessibility for tapping, latex collection and fertilizer application. This paper reports on the efficacy of herbicides for effective control of weeds along planting strips and also on selected weeds in the interrows of mature and immature rubber. Mixed weeds, comprising grasses and broadleaves along the planting strips, were effectively controlled with glyphosate + dicamba at 0.54 + 0.27 kg ae/ha, glyphosate + fluroxypyr at 0.54 + 0.09 kg ae/ha, glyphosate + metsulfuron at 0.54 kg ae/ha + 0.075 kg ai/ha and imazapyr at 0.375 kg ae/ha. Glufosinate ammonium at 0.5 kg/ha or paraquat + diuron at 0.6 + 0.6 kg ai/ha gave a shorter duration of control compared with glyphosate mixtures or imazapyr. Imperata cylindrica and pennisetum polystachion, which are common in immature rubber, can be effectively controlled with glyphosate at 2.16 kg ae/ha, imazapyr at 0.75 ae/ha and glyphosate trimesium at 2.16 kg ae/ha. Woody shrubs, such as Clidemia hitra, Chromolaena odorata and Melastoma malabathricum, are more common in mature rubber than in immature rubber. These weeds were effectively controlled with triclopyr at 0.375 kg ae/ha, fluroxypyr at 0.2 kg ae/ha and metsulfuron methyl at 0.15 kg ai/ha. The ferns Dicranopteris linearis and Stenochlaena palustris were effectively controlled with paraquat and glufosinate ammonium each at 1.0 kg ai/ha respectively.
650 ## - SUBJECT ADDED ENTRY--TOPICAL TERM
Topical Term Herbicides
650 ## - SUBJECT ADDED ENTRY--TOPICAL TERM
Topical Term Rubber
650 ## - SUBJECT ADDED ENTRY--TOPICAL TERM
Topical Term Weed control
942 ## - ADDED ENTRY ELEMENTS (KOHA)
Koha item type Journals
Holdings
Withdrawn status Lost status Damaged status Not for loan Home library Current library Shelving location Date acquired Koha item type
      Journals RRII Library RRII Library Soils and agonomy 17/12/2021 Journals